000 00350pab a2200145 454500
008 180718b2000 xxu||||| |||| 00| 0 eng d
100 _aMittelman, James H.
245 _aGlobalization: captors and captive
260 _c2000
300 _ap.917-29
362 _aDec
650 _aGlobalization
773 _aThird World Quarterly
909 _a47457
999 _c47457
_d47457